000 00668nam a2200253Ia 4500
003 OSt
005 20221007075543.0
006 a|||||r|||| 00| 0
007 ta
008 221006b |||||||| |||| 00| 0 eng d
020 _a8187162171
024 _a2,690
037 _cTextual
040 _aFLL
_cFLL
_beng
041 _2eng
_aeng
082 _aZ2,2,4, P0
100 _aPaul S. Au.
_9693300
245 0 _aTransfer of property act 1882
250 _a9th
260 _aNew Delhi
_bLexisNexis, Butterworth India
_c2000
650 _aTransfer of property act 1882
942 _hZ2,2,4, P0
_cTEXL
_2CC
999 _c1156511
_d1156511